000
00322pab a2200145 454500
008
180718b1987 xxu||||| |||| 00| 0 eng d
100
_a
Habibullah, M.I
245
_a
Housing in the Seventh Plan
260
_c
1987
300
_a
4-6,19
362
_a
Feb.
650
_a
Housing
773
_a
Social Welfare
909
_a
9795
999
_c
9795
_d
9795